Formy financovania scale-upu diplomová práca

Saved in:
Bibliographic Details
Main Author: Drugda, Kristián, 1998-
Corporate Author: Fakulta podnikového manažmentu EU. Katedra manažmentu
Other Authors: Bednár, Richard, 1985-
Format: Book
Language:Slovak
Published: Bratislava 2024
Tags: Add Tag
No Tags, Be the first to tag this record!

MARC

LEADER 00000nbm a2200000 4500
001 0301002
005 20250211101518.5
041 0 |a slo 
044 |a SK 
245 1 0 |a Formy financovania scale-upu  |b diplomová práca  |c Kristián Drugda ; školiteľ: Richard Bednár 
264 1 |a Bratislava  |c 2024 
300 |a 64 s. 
100 1 |a Drugda, Kristián, 1998- 
700 1 |a Bednár, Richard, 1985- 
710 2 |a Fakulta podnikového manažmentu EU. Katedra manažmentu